Vizemeister der 1.Bundesliga - Statistiken

Allgemein
  • Dieses Quiz wurde 300 mal gespielt
    83 seit der letzten Aktualisierung
  • Das Durchschnittsergebnis liegt bei 59 aus 62
Antwortstatistiken
Jahr Vizemeister % Korrekt
1997 Bayer 04 Leverkusen
100%
1999 Bayer 04 Leverkusen
100%
2000 Bayer 04 Leverkusen
100%
2002 Bayer 04 Leverkusen
100%
2011 Bayer 04 Leverkusen
100%
2025 Bayer 04 Leverkusen
100%
1966 Borussia Dortmund
100%
1992 Borussia Dortmund
100%
2013 Borussia Dortmund
100%
2014 Borussia Dortmund
100%
2016 Borussia Dortmund
100%
2019 Borussia Dortmund
100%
2020 Borussia Dortmund
100%
2022 Borussia Dortmund
100%
2023 Borussia Dortmund
100%
1972 FC Schalke 04
99%
1977 FC Schalke 04
99%
2001 FC Schalke 04
99%
2005 FC Schalke 04
99%
2007 FC Schalke 04
99%
2010 FC Schalke 04
99%
2018 FC Schalke 04
99%
1970 FC Bayern München
97%
1971 FC Bayern München
97%
1988 FC Bayern München
97%
1991 FC Bayern München
97%
1993 FC Bayern München
97%
1996 FC Bayern München
97%
1998 FC Bayern München
97%
2004 FC Bayern München
97%
2009 FC Bayern München
97%
2012 FC Bayern München
97%
1968 SV Werder Bremen
97%
1983 SV Werder Bremen
97%
1985 SV Werder Bremen
97%
1986 SV Werder Bremen
97%
1995 SV Werder Bremen
97%
2006 SV Werder Bremen
97%
2008 SV Werder Bremen
97%
1965 1.FC Köln
96%
1973 1.FC Köln
96%
1982 1.FC Köln
96%
1989 1.FC Köln
96%
1990 1.FC Köln
96%
1976 Hamburger SV
96%
1980 Hamburger SV
96%
1981 Hamburger SV
96%
1984 Hamburger SV
96%
1987 Hamburger SV
96%
2017 RB Leipzig
96%
2021 RB Leipzig
96%
1979 VFB Stuttgart
96%
2003 VFB Stuttgart
96%
2024 VFB Stuttgart
96%
1994 1.FC Kaiserslautern
94%
2015 VFL Wolfsburg
94%
1974 Borussia Mönchengladbach
89%
1978 Borussia Mönchengladbach
89%
1967 TSV 1860 München
78%
1975 Hertha BSC
75%
1964 MSV Duisburg
68%
1969 Alemannia Aachen
51%
Keine übereinstimmenden Quizze gefunden
Verteilung der Resultate
Anzahl Personen mit jedem Resultat
Perzentil nach korrekt beantworteten Fragen
Ihre Resultats-Entwicklung
Sie haben dieses Quiz seit der letzten Aktualisierung nicht gespielt